Giáo trình tiếng Anh chăm sóc khách hàng (Dùng trong các trường THCN) = Customers' service

Nội dung tài liệu bao gồm các phần từ vựng, ngữ pháp, đọc hiểu và bài tập về chuyên ngành chăm sóc khách hàng

Enregistré dans:
Détails bibliographiques
Auteur principal: Ngô, Thị Thu Hiền
Format: Livre
Langue:Undetermined
Publié: Hà Nội Nhà xuất bản Hà Nội 2006
Sujets:
Tags: Ajouter un tag
Pas de tags, Soyez le premier à ajouter un tag!
Thư viện lưu trữ: Trung tâm Học liệu Trường Đại học Cần Thơ
LEADER 00874nam a2200217Ia 4500
001 CTU_142666
008 210402s9999 xx 000 0 und d
020 |c 13000 
082 |a 428.24 
082 |b H305 
100 |a Ngô, Thị Thu Hiền 
245 0 |a Giáo trình tiếng Anh chăm sóc khách hàng 
245 0 |b (Dùng trong các trường THCN) = Customers' service 
245 0 |c Ngô Thị Thu Hiền, Đỗ Thị Kim Oanh 
260 |a Hà Nội 
260 |b Nhà xuất bản Hà Nội 
260 |c 2006 
520 |a Nội dung tài liệu bao gồm các phần từ vựng, ngữ pháp, đọc hiểu và bài tập về chuyên ngành chăm sóc khách hàng 
650 |a English language,Tiếng Anh 
904 |i Duy Bằng 
980 |a Trung tâm Học liệu Trường Đại học Cần Thơ